<?xml version="1.0" encoding="UTF-8"?>
<collection xmlns="http://www.loc.gov/MARC21/slim">
 <record>
  <leader>00653cam a2200169 7i4500</leader>
  <controlfield tag="001">0000122856</controlfield>
  <controlfield tag="005">20150706090000.0</controlfield>
  <controlfield tag="008">150430         my                  may   </controlfield>
  <datafield tag="090" ind1="0" ind2="0">
   <subfield code="a">LB 2300 </subfield>
   <subfield code="b">.I4 2013</subfield>
  </datafield>
  <datafield tag="245" ind1="0" ind2="0">
   <subfield code="a">Indikator pengajian tinggi Malaysia 2013  </subfield>
   <subfield code="c">editor Salwati binti Badroddin.</subfield>
  </datafield>
  <datafield tag="260" ind1="#" ind2="#">
   <subfield code="a">Putrajaya: </subfield>
   <subfield code="b">Kementerian Pendidikan Malaysia, </subfield>
   <subfield code="c">2013.</subfield>
  </datafield>
  <datafield tag="300" ind1="#" ind2="#">
   <subfield code="a">102 p.; </subfield>
   <subfield code="c">ol., ill.; </subfield>
   <subfield code="c">15 cm..</subfield>
  </datafield>
  <datafield tag="650" ind1="0" ind2="0">
   <subfield code="a">Education, Higher -- </subfield>
   <subfield code="z">Malaysia </subfield>
  </datafield>
  <datafield tag="650" ind1="0" ind2="0">
   <subfield code="a">Universities and colleges $z Malaysia </subfield>
  </datafield>
  <datafield tag="710" ind1="2" ind2="1">
   <subfield code="a">Kementerian Pendidikan Malaysia </subfield>
  </datafield>
  <datafield tag="999" ind1=" " ind2=" ">
   <subfield code="a">1100093172</subfield>
   <subfield code="b">Book</subfield>
   <subfield code="c">Open Shelf</subfield>
   <subfield code="e">KOLEKSI TERBUKA</subfield>
  </datafield>
  <datafield tag="999" ind1=" " ind2=" ">
   <subfield code="a">1100093171</subfield>
   <subfield code="b">Book</subfield>
   <subfield code="c">Open Shelf</subfield>
   <subfield code="e">KOLEKSI TERBUKA</subfield>
  </datafield>
 </record>
</collection>
